000 01104nam a22003257a 4500
003 CHAP
005 20220817042612.0
008 971013s1968 r 00010 d
010 _a49473
011 _a50445
035 _a54595
040 _cCHAP
090 _aFolleto 678
100 0 0 _aVilla Salas, Avelino B.
_9119370
245 _aNotas sobre la vegetación forestal en el extremo meridional de Baja California
260 _aMéxico, D.F. :
_bDirección General del Inventario Nacional Forestal,
_c1968
300 _a20 p.
_b: ilus.
490 _aPublicación
_v; 10
590 _aBATCH-UPD
_b10
_c20130110
_lUCH01
_h1331
590 _aBATCH-UPD
_b10
_c20130410
_lUCH01
_h0836
590 _aBATCH-UPD
_b10
_c20130914
_lUCH01
_h0715
590 _aCONVERSION
_b10
_c20130109
_lUCH01
_h1327
650 1 4 _aBosques
_xBaja California.
_914092
830 0 _aPublicación
_v; 10
901 _aBK
942 _cFOLL
949 _aFolleto 678
_bBC
_cFOLL
_d-120346
_eTS1
_i54595
_si
949 _aFolleto 678
_bBC
_cFOLL
_d-120347
_eTS2
_fc.2
_i54595
_si
949 _aFolleto 678
_bBC
_cFOLL
_d-120348
_eTS2
_fc.3
_i54595
_si
999 _c49473
_d49473